Ex Post Assessments of Members with a Longer-Term Program Engagement-Revised Guidance Note.

Financial sector issues and policies are central to the Fund's surveillance mission, as the recent crisis has amply demonstrated, and the institution has placed a high priority on enhancing the coverage and depth of analysis of financial sector issues in surveillance. Achieving this goal requir...

وصف كامل

التفاصيل البيبلوغرافية
مؤلف مشترك: International Monetary Fund
التنسيق: دورية
اللغة:English
منشور في: Washington, D.C. : International Monetary Fund, 2010.
سلاسل:Policy Papers; Policy Paper ; No. 2010/015
الوصول للمادة أونلاين:Full text available on IMF
LEADER 01982cas a2200241 a 4500
001 AALejournalIMF020054
008 230101c9999 xx r poo 0 0eng d
020 |c 5.00 USD 
020 |z 9781498337809 
022 |a 2663-3493 
040 |a BD-DhAAL  |c BD-DhAAL 
110 2 |a International Monetary Fund. 
245 1 0 |a Ex Post Assessments of Members with a Longer-Term Program Engagement-Revised Guidance Note. 
264 1 |a Washington, D.C. :  |b International Monetary Fund,  |c 2010. 
300 |a 1 online resource (7 pages) 
490 1 |a Policy Papers 
500 |a <strong>Off-Campus Access:</strong> No User ID or Password Required 
500 |a <strong>On-Campus Access:</strong> No User ID or Password Required 
506 |a Electronic access restricted to authorized BRAC University faculty, staff and students 
520 3 |a Financial sector issues and policies are central to the Fund's surveillance mission, as the recent crisis has amply demonstrated, and the institution has placed a high priority on enhancing the coverage and depth of analysis of financial sector issues in surveillance. Achieving this goal requires far-reaching operational and resource adjustments, which are already underway. However, these alone may not be enough. Changes in the Fund's mandate and modalities of surveillance may also be needed. A key goal of these changes should be to strengthen multilateral surveillance. New analytical tools and effective forms of engagement at the global level are crucial for financial surveillance, given an increasingly interconnected and globalized international financial system. At the same time, financial surveillance at the country level should also be strengthened and become a central part of the Article IV consultation process. 
538 |a Mode of access: Internet 
830 0 |a Policy Papers; Policy Paper ;  |v No. 2010/015 
856 4 0 |z Full text available on IMF  |u http://elibrary.imf.org/view/journals/007/2010/015/007.2010.issue-015-en.xml  |z IMF e-Library